Burza cenných papierov.

Burza cenných papierov v Bratislave (BCPB) je právnická osoba zapísaná v podnikovom registri, je osobitnou účastinnou spoločnosťou, založenou pôvodne šiestimi slovenskými peňažnými inštitúciami. Podmienky na získanie členstva v BCPB. Náplň činnosti BCPB. Pravidlá pre jej činnosť. Predmety obchodovan...

ver descrição completa

Na minha lista:
Detalhes bibliográficos
Autor principal: Sásik, M.
Formato: Capítulo de Livro
Idioma:eslovaco
Assuntos:
Tags: Adicionar Tag
Sem tags, seja o primeiro a adicionar uma tag!

MARC

LEADER 00000naa a2200000 4500
001 r007688
005 20220831085512.3
041 0 |a slo 
044 |a [CS] 
245 1 0 |a Burza cenných papierov.  |c M. Sásik 
520 |a Burza cenných papierov v Bratislave (BCPB) je právnická osoba zapísaná v podnikovom registri, je osobitnou účastinnou spoločnosťou, založenou pôvodne šiestimi slovenskými peňažnými inštitúciami. Podmienky na získanie členstva v BCPB. Náplň činnosti BCPB. Pravidlá pre jej činnosť. Predmety obchodovania na burze. Predpoklady započatia práce BCPB. 
610 2 0 |a burzy 
610 2 0 |a papiere cenné 
610 2 0 |a Bratislava 
610 2 0 |a Slovensko 
610 2 0 |a obchody burzové 
610 2 0 |a spoločnosti akciové 
100 1 |a Sásik, M.